000 00515nam a22001937a 4500
003 MPLRDC
005 20220104192407.0
008 210129b ||||| |||| 00| 0 eng d
020 _a978-986-6323-60-7
082 _a109.9 OSHO
100 _aOSHO 奥修
245 _a与先哲奇人相遇
_c陈明尧 译
250 _a二版
260 _a台湾
_b生命潜能文化事业有限公司
_c2012
300 _bCD一片
490 _a奥修灵性成长系列: 044
650 _a哲学
942 _cBK
_o109.9 OSHO
999 _c64701
_d64691